Premier League Players 2020/21 By Name - E - Statistics

General Stats
  • This quiz has been taken 33 times
    27 since last reset
  • The average score is 5 of 9
Answer Stats
Club Nation Position Player % Correct
Manchester City Brazil GK Ederson
100%
Arsenal Egypt MF Mohamed Elneny
85%
Leicester City Northern Ireland DF Jonny Evans
77%
Aston Villa Egypt DF Ahmed Elmohamady
62%
Aston Villa Netherlands FW Anwar El Ghazi
62%
Aston Villa Belgium DF Bjorn Engels
54%
Crystal Palace England FW Eberechi Eze
46%
Sheffield United Ireland DF John Egan
46%
West Bromwich Albion England FW Kyle Edwards
0%
No matching quizzes found
Score Distribution
Percent of People with Each Score
Percentile by Number Answered
Your Score History
You have not taken this quiz since the last reset